00821nam a2200241 a 450000100060000000300080000600500170001400800410003103500180007204000320009004100080012208200180013010000360014824500730018425000170025726000450027430000270031950000510034650400260039765000140042370000520043783000900048936524BD-RjUL20211209052511.0140625s1960 enka b 000 0 eng d aBD-RjUL)36624 aDLCcSOIdm.cdBD-RjULbeng aeng a301bOGH 19601 aOgburn, William F.,d1886-1959.12aA Handbook of Sociology /cby William F. Ogburn and Meyer F. Nimkoff a4th ed. rev. aLondon :bRoutledge & Kegan Paul,c1960. a584 p. :bill.;c22 cm aFirst published in 1940 under title: Sociology aIncludes bibliography 0aSociology1 aNimkoff, Meyer F.q(Meyer Francis),d1904-1965. 0aInternational library of sociology and social reconstruction (Routledge & Kegan Paul)